000 00515nam a22001937a 4500
003 OSt
005 20140310181803.0
008 130704t xxu||||| |||| 00| 0 eng d
020 _a1855343436
050 _aG 1030
_b.At881 1997
082 _aREF 911
_bAt6 1997
245 _aAtlas of the world history /
260 _aScotland :
_bGeddes & Grosset Ltd, David Dale House,
_cc1997.
300 _a142 p.
_bcol. : ill. ;
_c26 cm.
521 _a
541 _j1
562 _e1
942 _2lcc
_cBK-GR
_kREF
999 _c3691
_d3691